=LDR 00000nam 2200000 4500 =001 INLIS000000000037390 =005 20210624110509 =035 ##$$a 0010-061300000037390 =008 210624################g##########0#ind## =041 ##$$a Ind =082 ##$$a 346.065 =090 ##$$a 346.065, Wid r =100 ##$$a Wijaja, Gunawan =245 1#$$a Risiko hukum dan bisnis perusahaan pailit /$c Gunawan Widjaja =260 ##$$a Jakarta,$c 2009 =300 ##$$a vi,198 hlm, ; $c 23 x 15 cm. =650 #4$$a Hukum Perushaan =850 ##$$a NBPNMAT =084 ##$$a 346.065 WIJ r =990 ##$$a 21106520 =990 ##$$a 21106519 =990 ##$$a 21106518